书目信息 |
| 书名: | Radiographic positioning | |
| 作者: | Ronald L. Eisenberg, Cynthia A. Dennis, Chris R. May. | |
| 分册号: | ||
| 分册名: | 出版地: | Boston : |
|
| 出版社: | Little, Brown | |
| 出版时间: | c1995. | |
| 页数: | xiii, 411 p. : | |
| 开本: | 29 cm. | |
| 丛书名: | ||
| 中图分类号: | ||
| 科图分类号: | ||
| 其他分类号: | R814 | |
| 主题词: | ||
| 电子资源: | ||
| 000 | 01099pam a2200337 a 450 | |
| 001 | E0761259905 | |
| 005 | 20070512171457.31 | |
| 008 | 940928s1995 maua 001 0 eng c | |
| 010 | @a94024133 | |
| 020 | @a0316224995. | |
| 035 | @A(DLC) 94024133 | |
| 040 | @aDNLM/DLC@cDLC@dDLC | |
| 050 | 00 | @aRC78.4@b.E37 1995 |
| 060 | 00 | @aWN 160 E36r 1995 |
| 082 | 00 | @a616.07/57@2 20 |
| 090 | @aR814 | |
| 099 | @dR814@ex8 | |
| 100 | 1 | @aEisenberg, Ronald L. |
| 245 | 10 | @aRadiographic positioning / @cRonald L. Eisenberg, Cynthia A. Dennis, Chris R. May. |
| 250 | @a2nd ed. | |
| 260 | @aBoston :@bLittle, Brown,@cc1995. | |
| 300 | @axiii, 411 p. :@bill. ;@c29 cm. | |
| 500 | @aIncludes index. | |
| 650 | 0 | @aRadiography, Medical@xPositioning. |
| 650 | 12 | @aRadiography@xmethods. |
| 650 | 22 | @aPosture. |
| 700 | 1 | @aDennis, Cynthia A. |
| 700 | 1 | @aMay, Chris R. |
| 906 | @a7@bcbc@corignew@d1@eocip@f19@gy-gencatlg | |
| 955 | @apc03 to nlm 09-29-94; yh11 10-03-94 to ASCD; jc02 10-04-94; jc03 10-05-94; CIP Ver jg07 07-11-95 | |
| 991 | @bc-GenColl@hRC78.4@i.E37 1995@tCopy 1@wBOOKS | |
| Radiographic positioning / / Ronald L. Eisenberg, Cynthia A. Dennis, Chris R. May.-2nd ed.-Boston : : Little, Brown, , c1995. |
| xiii, 411 p. : : ill. ; ; 29 cm. |
| Includes index. |
| ISBN 0316224995. |
| ● |
| 相关链接 |
|
|
|
|
正题名:Radiographic positioning
索取号:R814/x8
 
预约/预借
| 序号 | 登录号 | 条形码 | 馆藏地/架位号 | 状态 | 备注 |
| 1 | 0008245 | 300082452 | 第二样本阅览室/ [索取号:R814/x8] | 在馆 | |
| 2 | 0008246 | 300082461 | 第四借阅区/ [索取号:R814/x8] | 在馆 | |
| 3 | 0008247 | 300082470 | 第四借阅区/ [索取号:R814/x8] | 在馆 | |
| 4 | 0008248 | 300082489 | 第四借阅区/ [索取号:R814/x8] | 在馆 |